[Event "Hamburg CupT"]
[Site "Hamburg"]
[Date "2011.02.12"]
[Round "1.4"]
[White "Kammer, Roland"]
[Black "Haenel, Frank"]
[Result "1-0"]
[WhiteElo "2096"]
[BlackElo "1320"]
[PlyCount "45"]
[EventDate "2011.02.12"]
[EventType "team-k.o."]
[EventRounds "4"]
[EventCountry "GER"]
[SourceTitle "EXT 2022"]
[Source "ChessBase"]
[SourceDate "2021.10.06"]
[SourceVersion "1"]
[SourceVersionDate "2021.10.06"]
[SourceQuality "1"]
[WhiteTeam "Eidelstedt"]
[BlackTeam "St Pauli"]
[WhiteTeamCountry "GER"]
[BlackTeamCountry "GER"]

1. e4 g6 2. d4 Bg7 3. Nf3 c5 4. dxc5 Qa5+ 5. Nc3 Qxc5 6. Be3 Qa5 7. Qd2 Nc6 8. Bd3 Nf6 9. 0-0 Ng4 10. Bf4 0-0 11. h3 Nge5 12. Nxe5 Nxe5 13. Nd5 Qd8 14. Bg5 f6 15. Bh4 d6 16. f4 Nxd3 17. cxd3 e6 18. Ne3 Qb6 19. Kh1 f5 20. Nc4 Qc7 21. Rac1 Qd7 22. Qa5 Qd8 23. Bxd8 1-0

[Event "GER-chT WK U18 4th"]
[Site "Kiel"]
[Date "2008.05.31"]
[Round "1.4"]
[White "Haenel, Frank"]
[Black "Thomsen, Sascha"]
[Result "1-0"]
[WhiteElo "1200"]
[BlackElo "1656"]
[PlyCount "71"]
[EventDate "2008.05.31"]
[EventType "team-swiss"]
[EventRounds "7"]
[EventCountry "GER"]
[SourceTitle "EXT 2010"]
[Source "ChessBase"]
[SourceDate "2010.11.25"]
[SourceVersion "1"]
[SourceVersionDate "2010.11.25"]
[SourceQuality "1"]

1. e4 d6 2. Nf3 Nf6 3. Nc3 g6 4. Bc4 Bg7 5. d3 0-0 6. Be3 Bg4 7. h3 Bxf3 8. Qxf3 Nc6 9. 0-0-0 e5 10. g4 Ne7 11. h4 c6 12. h5 b5 13. Bb3 a5 14. a3 a4 15. Ba2 Qb8 16. hxg6 hxg6 17. Qh3 b4 18. Bh6 bxc3 19. b4 Nxg4 20. Bxg7 Kxg7 21. Qh7+ Kf6 22. Qh4+ Kg7 23. Qxg4 Qb7 24. Rh3 Rh8 25. Rdh1 Qc8 26. Qf3 Rxh3 27. Rxh3 d5 28. exd5 cxd5 29. Qh1 Qf5 30. Rh7+ Kf6 31. Bxd5 Nxd5 32. Qxd5 Qg5+ 33. Kb1 Qg1+ 34. Ka2 Qc1 35. Rxf7+ Kg5 36. Qg2+ 1-0

[Event "Schleswig Holstein-ch U25 op"]
[Site "Neumuenster"]
[Date "2004.03.21"]
[Round "2"]
[White "Haenel, Frank"]
[Black "Schwarz, Dennis"]
[Result "0-1"]
[WhiteElo "980"]
[BlackElo "1538"]
[PlyCount "62"]
[EventDate "2004.03.20"]
[EventType "swiss"]
[EventRounds "9"]
[EventCountry "GER"]
[SourceTitle "EXT 2006"]
[Source "ChessBase"]
[SourceDate "2005.11.24"]
[SourceVersion "1"]
[SourceVersionDate "2005.11.24"]
[SourceQuality "1"]

1. e4 e5 2. Nf3 Nf6 3. Nc3 Nc6 4. Bc4 Bc5 5. 0-0 0-0 6. d3 d6 7. h3 h6 8. Re1 Na5 9. Be3 Bxe3 10. Rxe3 Nxc4 11. dxc4 Be6 12. Qd3 Nd7 13. Na4 Nb6 14. Nxb6 axb6 15. Qb3 c6 16. Rd1 b5 17. a3 Bxc4 18. Qb4 c5 19. Qd2 Ra6 20. Nxe5 Be6 21. b4 Qg5 22. Nf3 Qe7 23. bxc5 dxc5 24. Rd3 c4 25. Rd8 Qxa3 26. Rxf8+ Qxf8 27. Qd8 Ra8 28. Qb6 b4 29. Qxb7 b3 30. Qc7 Qc8 31. Qf4 Ra2 0-1

[Event "Schleswig Holstein-ch U25"]
[Site "Neumuenster"]
[Date "2002.04.10"]
[Round "8"]
[White "Akaye, Thomas"]
[Black "Haenel, Frank"]
[Result "1-0"]
[WhiteElo "1567"]
[BlackElo "952"]
[PlyCount "35"]
[EventDate "2002.04.??"]
[EventType "tourn"]
[EventRounds "9"]
[EventCountry "GER"]
[SourceTitle "EXT 2003"]
[Source "ChessBase"]
[SourceDate "2002.11.25"]
[SourceVersion "1"]
[SourceVersionDate "2002.11.25"]
[SourceQuality "1"]

1. e4 e5 2. Nf3 Nc6 3. Bc4 h6 4. 0-0 Nf6 5. Nc3 Bb4 6. d3 0-0 7. Nd5 d6 8. c3 Bc5 9. b4 Bb6 10. a4 a5 11. b5 Ne7 12. Nxf6+ gxf6 13. Bxh6 Re8 14. Nh4 d5 15. exd5 Nxd5 16. Qf3 Be6 17. Qg3+ Kh7 18. Qg7# 1-0

[Event "Schleswig Holstein-ch U25"]
[Site "Neumuenster"]
[Date "2002.04.09"]
[Round "5"]
[White "Haenel, Frank"]
[Black "Doll, Johannes"]
[Result "0-1"]
[WhiteElo "952"]
[BlackElo "1598"]
[PlyCount "64"]
[EventDate "2002.04.??"]
[EventType "tourn"]
[EventRounds "9"]
[EventCountry "GER"]
[SourceTitle "EXT 2003"]
[Source "ChessBase"]
[SourceDate "2002.11.25"]
[SourceVersion "1"]
[SourceVersionDate "2002.11.25"]
[SourceQuality "1"]

1. e4 e5 2. Nf3 Nc6 3. Bc4 Nf6 4. d3 d5 5. Bb5 Bd6 6. Bg5 d4 7. 0-0 0-0 8. Nbd2 Bg4 9. h3 Bh5 10. Bxc6 bxc6 11. Re1 Qe7 12. c3 c5 13. cxd4 cxd4 14. Rc1 Qe6 15. a3 Rab8 16. Qc2 Nd7 17. Rb1 Rb7 18. Rec1 Rfb8 19. Nh4 f6 20. Bxf6 Qxf6 21. Nf5 Bg6 22. Nxd6 Qxd6 23. Nc4 Qa6 24. b4 Rc8 25. Qb3 Bf7 26. b5 Qf6 27. Qb4 Bxc4 28. Qxc4+ Qf7 29. Qxf7+ Kxf7 30. Rf1 g5 31. f3 c5 32. h4 h6 0-1

[Event "Schleswig Holstein-ch U25"]
[Site "Neumuenster"]
[Date "2002.04.06"]
[Round "1"]
[White "Brandt, Claudia"]
[Black "Haenel, Frank"]
[Result "1/2-1/2"]
[WhiteElo "1362"]
[BlackElo "952"]
[PlyCount "35"]
[EventDate "2002.04.??"]
[EventType "tourn"]
[EventRounds "9"]
[EventCountry "GER"]
[SourceTitle "EXT 2003"]
[Source "ChessBase"]
[SourceDate "2002.11.25"]
[SourceVersion "1"]
[SourceVersionDate "2002.11.25"]
[SourceQuality "1"]

1. e4 e5 2. Nf3 Nc6 3. Bc4 Nf6 4. Nc3 Bb4 5. d3 h6 6. Bd2 0-0 7. 0-0 d6 8. h3 Re8 9. a3 Bxc3 10. Bxc3 Qe7 11. Re1 Be6 12. Bxe6 Qxe6 13. Qe2 Rad8 14. b4 a6 15. Nd2 d5 16. Nb3 b6 17. Qf3 d4 18. Bd2 1/2-1/2